Ein wunderliche Weissagung von dem Bapstumb (Record no. 6745)
[ view plain ]
| 000 -CABECERA | |
|---|---|
| campo de control de longitud fija | 01478nam a2200325 a 4500 |
| 001 - NÚMERO DE CONTROL | |
| campo de control | BRCA_7064 |
| 005 - FECHA Y HORA DE LA ÚLTIMA TRANSACCIÓN | |
| campo de control | 20190320205711.0 |
| 008 - DATOS DE LONGITUD FIJA--INFORMACIÓN GENERAL | |
| campo de control de longitud fija | 180511s1527----gw-a#####d---#000-0#ger-# |
| 041 ## - CÓDIGO DE LENGUA | |
| Código de lengua del texto/banda sonora o título independiente | ger |
| 044 ## - CÓDIGO DEL PAÍS DE LA ENTIDAD EDITORA/PRODUCTORA | |
| Código MARC del país | gw |
| 050 #4 - SIGNATURA TOPOGRÁFICA DE LA BIBLIOTECA DEL CONGRESO | |
| Número de clasificación | PT1769 |
| Número de documento/Ítem | .S23 1527 |
| 100 1# - ENTRADA PRINCIPAL--NOMBRE DE PERSONA | |
| Nombre de persona | Sachs, Hans |
| Fechas asociadas al nombre | 1494-1576 |
| 9 (RLIN) | 17563 |
| 245 10 - MENCIÓN DE TÍTULO | |
| Título | Ein wunderliche Weissagung von dem Bapstumb |
| Resto del título | wie es yhm bis an das Ende der Welt gehen sol ynn Figuren odder Gemelde begriffen : gefunden zu Nurmberg ym Cartheuserkloster vnd ist seer alt |
| Mención de responsabilidad, etc. | ein Vorred Andreas Osianders mit gutter verstendtlicher Auslegung durch gelerte Leut verklert, wilche Hans Sachs yn deudsche Reymen gefasset vnd darzu gesetzt hat. |
| 260 ## - PUBLICACIÓN, DISTRIBUCIÓN, ETC. | |
| Lugar de publicación, distribución, etc. | [Wittenberg, Alemania |
| Nombre del editor, distribuidor, etc. | Hans Weiss] |
| Fecha de publicación, distribución, etc. | [1527] |
| 300 ## - DESCRIPCIÓN FÍSICA | |
| Extensión | 1 v. (sin paginación) |
| Otras características físicas | il., 30 grabados |
| Dimensiones | 21 cm. |
| 500 ## - NOTA GENERAL | |
| Nota general | Con ex-libris de: Robert Hoe |
| 500 ## - NOTA GENERAL | |
| Nota general | Con ex-libris de: Leonard Klein |
| 500 ## - NOTA GENERAL | |
| Nota general | Con ex-libris de: Harold Greenhill, 1941 |
| 500 ## - NOTA GENERAL | |
| Nota general | Fondo antiguo |
| 500 ## - NOTA GENERAL | |
| Nota general | Se encuentra en Caja Fuerte |
| 500 ## - NOTA GENERAL | |
| Nota general | O-118 |
| 506 0# - NOTA DE RESTRICCIONES AL ACCESO | |
| Limitaciones de acceso | Fondo reservado: para su consulta es necesario credencial de usuario y carta de motivos |
| 650 14 - PUNTO DE ACCESO ADICIONAL DE MATERIA--TÉRMINO DE MATERIA | |
| Término de materia o nombre geográfico como elemento de entrada | Papas |
| Subdivisión de forma | Primeros trabajos hasta 1800 |
| Subdivisión general | Profecías |
| 9 (RLIN) | 17564 |
| 650 14 - PUNTO DE ACCESO ADICIONAL DE MATERIA--TÉRMINO DE MATERIA | |
| Término de materia o nombre geográfico como elemento de entrada | Santa sede |
| Subdivisión de forma | Primeros trabajos hasta 1800 |
| 9 (RLIN) | 17565 |
| 650 14 - PUNTO DE ACCESO ADICIONAL DE MATERIA--TÉRMINO DE MATERIA | |
| Término de materia o nombre geográfico como elemento de entrada | Libros ilustrados |
| Subdivisión general | Historia |
| Subdivisión cronológica | Siglos XV y XVI |
| 9 (RLIN) | 17566 |
| 650 14 - PUNTO DE ACCESO ADICIONAL DE MATERIA--TÉRMINO DE MATERIA | |
| Término de materia o nombre geográfico como elemento de entrada | Grabado en madera, alemán |
| Subdivisión cronológica | Siglo XVI |
| 9 (RLIN) | 17567 |
| 700 1# - PUNTO DE ACCESO ADICIONAL--NOMBRE DE PERSONA | |
| Nombre de persona | Osiander, Andreas |
| Fechas asociadas al nombre | 1498-1552 |
| 9 (RLIN) | 17568 |
| 902 ## - CATALOGADOR | |
| Iniciales | LAR |
| 942 ## - ELEMENTOS DE PUNTO DE ACCESO ADICIONAL (KOHA) | |
| Fuente del sistema de clasificación o colocación | Library of Congress Classification |
| Tipo de ítem Koha | Libros |
| Estado de retiro | Estado de pérdida | Estado dañado | No para préstamo | Localización permanente | Ubicación/localización actual | Fecha de adquisición | Número de inventario | Total de préstamos | Signatura topográfica completa | Código de barras | Fecha visto por última vez | Precio válido a partir de | Tipo de ítem Koha |
|---|---|---|---|---|---|---|---|---|---|---|---|---|---|
| Activo (en colección) | Biblioteca del Museo Franz Mayer (Rogerio Casas-Alatriste) | Biblioteca del Museo Franz Mayer (Rogerio Casas-Alatriste) | 06/12/2011 | O-118 | PT1769 .S23 1527 (O-118) | LAR00010 | 22/03/2019 | 22/03/2019 | Libros |